Music appreciation
Guardat en:
| Autor principal: | |
|---|---|
| Format: | Llibre |
| Idioma: | anglès |
| Publicat: |
McGraw-Hill Education
2018
|
| Etiquetes: |
Afegir etiqueta
Sense etiquetes, Sigues el primer a etiquetar aquest registre!
|
MARC
| LEADER | 00000nam a22000007a 4500 | ||
|---|---|---|---|
| 008 | 210827b ||||| |||| 00| 0 eng d | ||
| 020 | |a 9781259922114 | ||
| 100 | |a KAMIEN, Roger | ||
| 245 | |a Music appreciation |c Roger Kamien |g xxxiii,600p;ill | ||
| 250 | |b 12th | ||
| 260 | |b McGraw-Hill Education |c 2018 |h New York |i 696054 |i 696055 |i 696056 |l MT90.K12 | ||
| 500 | |a It includes references and index | ||
| 942 | |a lcc |c BK |e Johnson |f 27/08/21 | ||
| 952 | |0 0 |1 0 |2 lcc |4 0 |7 0 |9 3272 |a ART |b HOL |c LP |d 2021-08-27 |o MT90.K12 |p 2021-66979 |r 2021-08-27 00:00:00 |w 2021-08-27 |y BK | ||
| 952 | |0 0 |1 0 |2 lcc |4 0 |7 0 |9 3273 |a HOL |b HOL |c LP |d 2021-08-27 |o MT90.K12 |p 2021-66980 |r 2021-08-27 00:00:00 |w 2021-08-27 |y BK | ||
| 952 | |0 0 |1 0 |2 lcc |4 0 |7 0 |9 3274 |a HOL |b HOL |c LP |d 2021-08-27 |o MT90.K12 |p 2021-66981 |r 2021-08-27 00:00:00 |w 2021-08-27 |y BK | ||
| 999 | |c 1637 |d 1637 | ||